00445nam a2200169 a 4500001001300000003000900013005001700022008004100039020001000080082002100090245002900111260003100140300000800171500003500179650003700214710002400251nice12345678IN_TiNIC20260116011730.0050524s1965 dela grp 000 0 hin  ac10000a327.5405491bGOV aBharat Pakistan Sambandh aDelhibGovt.Of Indiac1965 a40p aincludes index and biblioraphy aIndia-Foreign Relations Pakistan2 aGovernment of India